000 00659nam a2200169 a 4500
008 120319s2007 ||||||||||||||||| || u
050 _aCYBRARY
110 _aWorld Bank
245 1 0 _aWorld Development Report 1978-2007: with selected world development indicators 2006. [electronic resource]
_h[cd-rom]
260 _aWashington:
_bWorld Bank
_c2007.
300 _a4 3/4 in
350 _a0.00
650 _aCOMPETITION, INTERNATIONAL
650 0 _aAFRICA--ECONOMIC CONDITIONS
650 0 _aECONOMIC DEVELOPMENT
995 _D0.00
_FCBU-MAIN LIBRARY (Kitwe)
_H1
_I0.00
_M1
_UAVAILABLE
_WMar 19, 2012
_Ze-Media Collection
999 _c62048
_d62048